000 00483nam a2200181Ia 4500
003 GCL
008 140319s9999 xx 000 0 aRus d
040 _aGCL /
_cGCL
082 0 4 _a860
_bP P
100 1 _aPESCADOR, JOSE HIERRO
245 1 0 _aPRINCIPIOS DE FILOSOFIA DEL LENGUAJE /
_cPESCADOR, JOSE HIERRO
260 _a[S.N] :
_bA LIANZA EDITORIAL ،
_c1986
300 _a504 P
650 0 4 _aLINGUISTICS
650 0 4 _aSPANISH LANGUAGE
650 0 4 _aLANGUAGES
942 _2ddc
_cBK
999 _c24889
_d24889